Football : Les 10 stades de l'Euro 2016 - Statistiques

Statistiques générales
  • Ce quiz a été pris 2 380 fois
  • Le résultat moyen est 5 sur 10
Statistiques - réponses
Capacité Réponse % Correct
81 338 Stade de France
96%
67 000 Stade Vélodrome
94%
47 000 Parc des Princes
83%
50 186 Stade Pierre Mauroy
53%
41 965 Stade Geoffroy-Guichard
45%
35 624 Allianz Riviera
42%
38 223 Stade Bollaert-Delelis
37%
35 575 Stadium de Toulouse
35%
58 512 Stade des lumières
26%
42 052 Nouveau Stade de Bordeaux
19%
Aucun quiz correspondant
Distribution des résultats
% des personnes avec chaque résultat
Percentile par nombre de réponses
Votre historique - résultats
Vous n’avez pas pris ce quiz